Plus grosses villes des états unis - Statistiques

Statistiques générales
  • Ce quiz a été pris 55 fois
  • Le résultat moyen est 4 sur 5
Statistiques - réponses
Villes % Correct
1 NewYork
100%
2 LosAngeles
98%
3 Chicago
87%
4 Houston
59%
5 Phoenix
30%
Aucun quiz correspondant
Distribution des résultats
% des personnes avec chaque résultat
Percentile par nombre de réponses
Votre historique - résultats
Vous n’avez pas pris ce quiz